| 000 | 00402nam a2200121 a 4500 | ||
|---|---|---|---|
| 001 | 000033815 | ||
| 005 | 20200930070536.0 | ||
| 008 | 110912s1846 dr r 000 0 spa d | ||
| 040 |
_aDO-SdBNP _bspa _cBNPHU |
||
| 245 | 0 | 0 | _aActos legislativos del Congreso constitucional y decretos del presidente de la República Dominicana. |
| 260 |
_aSanto Domingo : _bImprenta Nacional, _c1846. |
||
| 300 |
_av. ; _c21 cm. |
||
| 999 |
_c33306 _d33306 |
||